[Event "Ortega op 3rd"]
[Site "Ortega"]
[Date "2013.06.07"]
[Round "2"]
[White "Ramirez, Eduardo"]
[Black "Prieto, Ernesto"]
[Result "1/2-1/2"]
[WhiteElo "1691"]
[BlackElo "2128"]
[PlyCount "67"]
[EventDate "2013.06.07"]
[EventType "swiss"]
[EventRounds "8"]
[EventCountry "COL"]
[SourceTitle "CBM 154 Extra"]
[Source "ChessBase"]
[SourceDate "2013.06.25"]
[SourceVersion "2"]
[SourceVersionDate "2013.06.25"]
[SourceQuality "1"]

1. e4 e5 2. Nf3 Nc6 3. d4 exd4 4. Nxd4 Nf6 5. Nxc6 bxc6 6. Bd3 Bc5 7. 0-0 d6 8. h3 0-0 9. Bg5 h6 10. Bh4 Qe7 11. Qf3 g5 12. Bg3 Rb8 13. b3 g4 14. hxg4 Nxg4 15. e5 Nxe5 16. Bxe5 Qxe5 17. Nd2 d5 18. Rfe1 Qg5 19. Nf1 Bg4 20. Qg3 Bd6 21. Qe3 Qxe3 22. Nxe3 Be6 23. Nf5 Bxf5 24. Bxf5 Rfe8 25. Bd7 Rxe1+ 26. Rxe1 c5 27. Bc6 d4 28. g3 Kg7 29. Kg2 Rd8 30. Bb5 Bf8 31. Re4 f5 32. Re6 Bd6 33. Re8 Rxe8 34. Bxe8 1/2-1/2